Word problems : decision problems and the Burnside problem in group theory /

Guardado en:
Otros Autores: Boone, W. W. (Editor ), Lyndon, Roger C. (Editor ), Cannonito, F. B. (Editor )
Formato: Libro
Idioma:English
Publicado: Amsterdam : North-Holland, 1973.
Series:Studies in logic and the foundations of mathematics ; v. 71
Materias:
Etiquetas: Agregar Etiqueta
Sin Etiquetas, Sea el primero en etiquetar este registro!
LEADER 01076cam a22002535a 4500
001 MAT.inmabb002418
008 730517s1973####ne#######b####100#0#eng#d
005 20130304102122.0
245 0 0 |a Word problems :  |b decision problems and the Burnside problem in group theory /  |c edited by W. W. Boone, F. B. Cannonito, R. C. Lyndon. 
260 |a Amsterdam :  |b North-Holland,  |c 1973. 
300 |a xii, 646 p. ;  |c 23 cm. 
440 0 |a Studies in logic and the foundations of mathematics ;  |v v. 71 
500 |a "This volume grew out of the conference 'Decision problems in group theory', (CODEP) held at the University of California, Irvine, in September 1969." 
504 |a Incluye referencias bibliográficas. 
510 4 |a MR,  |c 49 #10789 
020 |a 072042271X 
700 1 |a Boone, W. W.  |q (William W.)  |4 edt 
700 1 |a Lyndon, Roger C.  |4 edt 
700 1 |a Cannonito, F. B.  |q (Frank Benjamin)  |4 edt 
650 0 |a Gödel's theorem  |x Congresses. 
650 0 |a Burnside problem. 
084 |a 20F10 (03D40 20-06)  |2 msc2000 
010 |a  70146190  
859 |h 20  |i W924  |p A-4091  |b BIB. MATEMATICA